Fundamentals of Sensors for Engineering and Science / (Record no. 16420)
[ view plain ]
| 000 -LEADER | |
|---|---|
| fixed length control field | 01222cam a22002897a 4500 |
| 001 - CONTROL NUMBER | |
| control field | 16891973 |
| 005 - DATE AND TIME OF LATEST TRANSACTION | |
| control field | 20111202111253.0 |
| 008 - FIXED-LENGTH DATA ELEMENTS--GENERAL INFORMATION | |
| fixed length control field | 110727s2011 flua b 001 0 eng d |
| 010 ## - LIBRARY OF CONGRESS CONTROL NUMBER | |
| LC control number | 2011283250 |
| 020 ## - INTERNATIONAL STANDARD BOOK NUMBER | |
| International Standard Book Number | 9781439861035 |
| 020 ## - INTERNATIONAL STANDARD BOOK NUMBER | |
| International Standard Book Number | 143986103X |
| 042 ## - AUTHENTICATION CODE | |
| Authentication code | lccopycat |
| 082 ## - DEWEY DECIMAL CLASSIFICATION NUMBER | |
| Edition number | 22 |
| Classification number | 681.2 |
| Item number | DUN |
| 100 1# - MAIN ENTRY--PERSONAL NAME | |
| Personal name | Dunn, Patrick F. |
| 9 (RLIN) | 28724 |
| 245 10 - TITLE STATEMENT | |
| Title | Fundamentals of Sensors for Engineering and Science / |
| Statement of responsibility, etc | Patrick F. Dunn. |
| 260 ## - PUBLICATION, DISTRIBUTION, ETC. (IMPRINT) | |
| Place of publication, distribution, etc | Boca Raton : |
| Name of publisher, distributor, etc | CRC Press, |
| Date of publication, distribution, etc | c2011. |
| 300 ## - PHYSICAL DESCRIPTION | |
| Extent | xi, 98 p. : |
| Other physical details | ill. ; |
| Dimensions | 24 cm. |
| 504 ## - BIBLIOGRAPHY, ETC. NOTE | |
| Bibliography, etc | Includes bibliographical references (p. 95-96) and index. |
| 505 0# - FORMATTED CONTENTS NOTE | |
| Formatted contents note | Sensor fundamentals -- Sensors in engineering and science -- Human and biomimetic sensors. |
| 650 #0 - SUBJECT ADDED ENTRY--TOPICAL TERM | |
| Topical term or geographic name as entry element | Detectors. |
| 9 (RLIN) | 28725 |
| 650 #0 - SUBJECT ADDED ENTRY--TOPICAL TERM | |
| Topical term or geographic name as entry element | Biosensors. |
| 9 (RLIN) | 28726 |
| 653 ## - INDEX TERM--UNCONTROLLED | |
| Resource For college | |
| Arrived date list | February2012 |
| 856 42 - ELECTRONIC LOCATION AND ACCESS | |
| Materials specified | Contributor biographical information |
| Uniform Resource Identifier | <a href="http://www.loc.gov/catdir/enhancements/fy1114/2011283250-b.html">http://www.loc.gov/catdir/enhancements/fy1114/2011283250-b.html</a> |
| 942 ## - ADDED ENTRY ELEMENTS (KOHA) | |
| Source of classification or shelving scheme | Dewey Decimal Classification |
| Item type | Book - Borrowing |
| Withdrawn status | Item status | Source of classification or shelving scheme | Damaged status | Not for loan | Vendor | Home library | Current library | Shelving location | Date acquired | Source of acquisition | Cost, normal purchase price | Serial Enumeration / chronology | Total Checkouts | Total Renewals | Full call number | Barcode | Date last seen | Date last borrowed | Koha item type |
|---|---|---|---|---|---|---|---|---|---|---|---|---|---|---|---|---|---|---|---|
| Dewey Decimal Classification | MERIC | Central Library | Central Library | First floor | 09/02/2012 | 318.00 | 13167 | 1 | 1 | 681.2 DUN | 000026030 | 15/07/2025 | 25/02/2014 | Book - Borrowing |